| 000 | 00610nam a2200241Ia 4500 | ||
|---|---|---|---|
| 003 | OSt | ||
| 005 | 20230523145749.0 | ||
| 008 | 210423s2014 xx 000 0 und d | ||
| 020 | _a978-81259-2347-3 | ||
| 040 | _cAL | ||
| 041 | _aeng | ||
| 082 |
_a658.001 _223 _bDWIM |
||
| 100 |
_aDWIVEDI (D N) _9111461 |
||
| 245 | _aManagerial Economics Ed 7 | ||
| 250 | _a7 | ||
| 260 |
_aNoida _bVikas Publications _c2014 |
||
| 300 |
_axxiv,704 _bPB |
||
| 365 |
_b450 _cINR |
||
| 650 |
_aManagement _9111462 |
||
| 650 |
_aManagerial Economics _9111463 |
||
| 906 | _aEconomics ; Ed ; Managerial | ||
| 942 |
_2ddc _cBK |
||
| 999 |
_c167059 _d167059 |
||